00881nam a2200229 i 4500003000900000005001700009007000300026008004100029040003000070082002400100110005000124245006100174246007000235260005700305300006000362336002700422337003400449338002800483650006200511650002800573710005000601DO-SdBNP20230419102906.0ta220802e200? dr aobagry||| 00| 0 spa d aDO-SdBNPbspacBNPHUerda 4a361.7632bF981v222 aFundación Falcondo (República Dominicana)00a25 años de innovación y compromiso con el desarrollo aVeinticinco años de innovación y compromiso con el desarrollo aSanto Domingo :bFundación Falcondo,c[ sin fecha] a125 paginas :bilustraciones., fotografías. ;c28 cm. 2rdaconten.atextobtxt 2rdamediaasin mediación bn 2rdacarrieravolumenbnc 4aOrganizaciones sin fines de lucrozRepública Dominicana 4aFundaciones benéficas2 aFundación Falcondo (República Dominicana)